|
|
|
|
| LEADER |
00000nam0a2200000 4500 |
| 001 |
61181 |
| 005 |
20231101211929.0 |
| 010 |
|
|
|a 586887149X
|
| 035 |
|
|
|a (RuTPU)RU\TPU\book\64736
|
| 090 |
|
|
|a 61181
|
| 100 |
|
|
|a 20040304d2003 m y0rusy50 ca
|
| 101 |
0 |
|
|a rus
|
| 102 |
|
|
|a RU
|
| 105 |
|
|
|a a j 001zy
|
| 200 |
1 |
|
|a Философия для технических вузов
|e учебное пособие
|f А. Д. Московченко
|
| 210 |
|
|
|a Томск
|c Изд-во ТУСУР
|d 2003
|
| 215 |
|
|
|a 175 с.
|c ил.
|
| 318 |
|
|
|5 63413507
|a Воспитание в процессе обучения
|b выставка
|
| 320 |
|
|
|a Библиогр.: с. 174-175.
|
| 330 |
|
|
|a В пособии рассматриваются важнейшие разделы философии в соответствии с государственным стандартом по философии. Раскрыты сущность философии, ее основные проблемы, функции. Большое внимание уделено человеку, его познавательным возможностям, проблемам развития и перспективам современного общества. Особенность пособия заключается в том, что впервые с позиции концепции "автотрофности будущего человечество", развитой русской космической школы, рассматривается настоящее и будущее философского знания. Для студентов технических вузов, обучающихся на всех формах обучения с использованием дистанционных образовательных технологий.
|
| 451 |
|
1 |
|0 (RuTPU)RU\TPU\book\118442
|y 5-86889-307-7
|t Философия для технических вузов
|o учебное пособие
|f А. Д. Московченко
|c Томск
|n Изд-во ТУСУР
|d 2006
|p 192 с.
|a Московченко, Александр Дмитриевич
|
| 606 |
1 |
|
|a Философия
|2 stltpush
|3 (RuTPU)RU\TPU\subj\63880
|9 80812
|
| 610 |
1 |
|
|a теория
|
| 610 |
1 |
|
|a история
|
| 610 |
1 |
|
|a культура
|
| 610 |
1 |
|
|a бытие
|
| 610 |
1 |
|
|a онтология
|
| 610 |
1 |
|
|a сознание
|
| 610 |
1 |
|
|a познание
|
| 610 |
1 |
|
|a философская антропология
|
| 610 |
1 |
|
|a информация
|
| 610 |
1 |
|
|a инженерно-техническое образование
|
| 610 |
1 |
|
|a учебные пособия
|
| 686 |
|
|
|a Ю0/3я73
|v LBC/SL-A
|2 rubbk
|
| 700 |
|
1 |
|a Московченко
|b А. Д.
|c российский философ
|c профессор Томского государственного университета систем управления и радиоэлектроники
|f 1944-
|g Александр Дмитриевич
|2 stltpush
|3 (RuTPU)RU\TPU\pers\12798
|
| 712 |
0 |
2 |
|a Томский государственный университет систем управления и радиоэлектроники
|2 stltpush
|3 (RuTPU)RU\TPU\col\422
|
| 801 |
|
1 |
|a RU
|b 63413507
|c 20040304
|g PSBO
|
| 801 |
|
2 |
|a RU
|b 63413507
|c 20160205
|g PSBO
|
| 900 |
|
|
|a Философия
|
| 942 |
|
|
|c BK
|